• 首页
  • 本馆介绍
  • 公告通知
  • 最新文献
  • 馆藏检索
  • 电子资源
  • 读者导购
  • 参考咨询
  • 我的图书馆
  • 登录
  • 详细信息显示
  • 放入我的书架
  • 预约/预借图书
  • 作者相关作品
  • 分类相关作品
  • 丛书相关作品
  • 出版社相关作品

书目信息

  • 表格格式
  • 工作单格式
  • 卡片格式
题名:
植物保护与现代农业
    
 
作者: 成卓敏 主编
分册:  
出版信息: 北京   中国农业科学技术出版社  2007.11
页数: 10,911页
开本: 26cm
丛书名:
单 册:
中图分类: S4-53 , S-53
科图分类:
主题词: 植物保护--文集 , 农业技术--文集 , 植物保护 , 农业技术
电子资源:
ISBN: 978-7-80233-440-3
000 01152nam0 2200301 45
001 1355425030
005 20130513145804.06
010    @a978-7-80233-440-3@dCNY160.00
100    @a20130108d2007 km y0chiy0110 ea
101 0  @achi@aeng
102    @aCN@b110000
105    @aa z 000yy
106    @ar
200 1  @a植物保护与现代农业@AZhi Wu Bao Hu Yu Xian Dai Nong Ye@e中国植物保护学会2007年学术年会@EZhong Guo Zhi Wu Bao Hu Xue Hui 2007 Nian Xue Shu Nian Hui@f成卓敏主编@FCheng Zhuo Min Zhu Bian
210    @a北京@c中国农业科学技术出版社@d2007.11
215    @a10,911页@c图@d26cm
300    @a中国植物保护学会主办
330    @a本论文集收录论文和简报300多篇,涉及重大生物灾害灾变规律及成灾机理、生物灾害成灾预警及诊断检测技术、有害生物无公害持续控制理论、技术和方法等。
517 1  @a中国植物保护学会2007年学术年会@AZhong Guo Zhi Wu Bao Hu Xue Hui 2007 Nian Xue Shu Nian Hui
606 0  @a植物保护@j文集
606 0  @a农业技术@j文集
606 0  @a植物保护
606 0  @a农业技术
690    @aS4-53@v5
690    @aS-53@v5
701  0 @a成卓敏@ACheng Zhuo Min@4主编
801    @aCN@bTANGWEI@c20130112
905    @b0831258-60@dS4-53@e82@f3
    
    植物保护与现代农业:中国植物保护学会2007年学术年会/成卓敏主编.-北京:中国农业科学技术出版社,2007.11
    10,911页:图;26cm
    中国植物保护学会主办
    
    ISBN 978-7-80233-440-3:CNY160.00
    本论文集收录论文和简报300多篇,涉及重大生物灾害灾变规律及成灾机理、生物灾害成灾预警及诊断检测技术、有害生物无公害持续控制理论、技术和方法等。
●
相关链接 在E读中查询图书 在五车中查询图书 在当当中查询图书 在豆瓣中查询图书


正题名:植物保护与现代农业     索取号:S4-53/82         预约/预借

序号 登录号 条形码 馆藏地/架位号 状态 备注
1 0831258   208312583   第二样本阅览室/ [索取号:S4-53/82] 在馆    
2 0831259   208312592   第三借阅区/ [索取号:S4-53/82] 在馆    
3 0831260   208312609   第三借阅区/ [索取号:S4-53/82] 在馆    
唐山师范学院图书馆 欢迎您!
大连网信软件有限公司© 版权所有